Fluidization engineering /
Guardado en:
| Autor Principal: | |
|---|---|
| Otros Autores: | |
| Formato: | Libro |
| Idioma: | English |
| Publicado: |
Huntington, N.Y. :
R. E. Krieger Pub. Co.,
1977, c1969.
|
| Materias: | |
| Etiquetas: |
Agregar Etiqueta
Sin Etiquetas, Sea el primero en etiquetar este registro!
|
| LEADER | 00803pam a22002295a 4500 | ||
|---|---|---|---|
| 001 | EIQ.libpla004084 | ||
| 008 | 770223r1977####nyua#####b####001#0#eng#d | ||
| 005 | 20080522165059.0 | ||
| 245 | 1 | 0 | |a Fluidization engineering / |c Daizo Kunii, Octave Levenspiel. |
| 260 | |a Huntington, N.Y. : |b R. E. Krieger Pub. Co., |c 1977, c1969. | ||
| 300 | |a xix, 534 p. : |b il. ; |c 24 cm. | ||
| 500 | |a Reimpreso de la ed. publicada por Wiley, New York. | ||
| 504 | |a Incluye referencias bibliográficas e índices. | ||
| 020 | |a 0882755420 | ||
| 100 | 1 | |a Kunii, Daizo, |d 1923- | |
| 700 | 1 | |a Levenspiel, Octave. | |
| 082 | 0 | 0 | |a 660/.284292 |
| 650 | 4 | |a Reactores |x Fluidización. | |
| 650 | 4 | |a Reactors |x Fluidization. | |
| 010 | |a 77002885 | ||
| 040 | |a DLC |c DLC |d AR-BbSID | ||
| 859 | |a AR-BbSID |b BIB. PLAPIQUI |h 660.284 292 |i K 962 |p 1509 | ||
